=LDR 00000nam 2200000 4500 =001 INLIS000000000001994 =005 20240111024347 =035 ##$$a 0010-0124000009 =007 ta =008 240111################e##########1#ind## =020 ##$$a 978-602-03-1035-0 =082 ##$$a 823 =084 ##$$a 823 ALC g =100 1#$$a Alcott, Louisa May =245 1#$$a Good Wives : $b (little women part II) /$c Louisa May Alcott ; alih bahasa, Annisa Cinantya Putri, Widya Kirana =250 ##$$a Cetakan Ketiga =260 ##$$a Jakarta :$b Gramedia Pustaka Utama,$c 2023 =300 ##$$a 413 halaman ; $c 20 cm =650 #4$$a Fiksi Inggris =700 #$$a Annisa Cinantya Putri $g Alih Bahasa =700 #$$a Widya Kirana $g Alih Bahasa =520 ##$$a Gadis-gadis March—Meg, Jo, Beth, dan Amy, kini telah dewasa. Ayah mereka, Mr. March, telah pulang dengan selamat dari medan perang. Begitu pula John Brooke, kekasih Meg. Jo yang tomboy sedang belajar untuk menjadi lebih anggun. Beth semakin ramping dan pendiam, dan matanya yang indah itu selalu menyorotkan kebaikan. Sedangkan Amy, pada usia enam belas tahun, memiliki pembawaan seperti wanita dewasa. Keempat gadis March, dengan didampingi ibu mereka yang bijak, akan menemukan cinta mereka masing-masing dan menyambut masa depan.